[Event "SVK-chT1E 2122"]
[Site "Slovakia"]
[Date "2022.05.15"]
[Round "11.5"]
[White "Lisko, Frantisek"]
[Black "Pejko, Otomar"]
[Result "1-0"]
[WhiteElo "2185"]
[BlackElo "2110"]
[PlyCount "75"]
[EventDate "2022.01.29"]
[EventType "team-tourn"]
[EventRounds "11"]
[EventCountry "SVK"]
[SourceTitle "EXT 2024"]
[Source "ChessBase"]
[SourceDate "2023.10.10"]
[SourceVersion "1"]
[SourceVersionDate "2023.10.10"]
[SourceQuality "1"]
[WhiteTeam "Dunajov Inbest"]
[BlackTeam "Kosice Slavia TU"]
[WhiteTeamCountry "SVK"]
[BlackTeamCountry "SVK"]

1. d4 d5 2. c4 Bf5 3. cxd5 Bxb1 4. Qa4+ c6 5. Rxb1 Qxd5 6. Nf3 Nd7 7. b4 e6 8. e3 Bd6 9. Bd3 Ngf6 10. Qc2 Qh5 11. h3 0-0 12. Bd2 e5 13. Ke2 e4 14. Bxe4 Nxe4 15. Qxe4 Rae8 16. Qd3 Qd5 17. Rhc1 a6 18. a4 f5 19. Qb3 f4 20. Qxd5+ cxd5 21. b5 fxe3 22. fxe3 Rc8 23. bxa6 bxa6 24. Rb7 Rxc1 25. Bxc1 Nf6 26. Rb6 Ne4 27. Rxa6 Rc8 28. Bd2 Rc2 29. Kd3 Ra2 30. a5 Nf2+ 31. Ke2 Ne4 32. Kd1 Ra1+ 33. Kc2 Ra2+ 34. Kb3 Rxd2 35. Nxd2 Nxd2+ 36. Kc3 Ne4+ 37. Kd3 Kf7 38. Ra7+ 1-0

[Event "SVK-chT1E 2122"]
[Site "Slovakia"]
[Date "2022.04.23"]
[Round "8.3"]
[White "Ihnat, Marek"]
[Black "Pejko, Otomar"]
[Result "0-1"]
[WhiteElo "2045"]
[BlackElo "2101"]
[PlyCount "77"]
[EventDate "2022.01.29"]
[EventType "team-tourn"]
[EventRounds "11"]
[EventCountry "SVK"]
[SourceTitle "EXT 2023"]
[Source "ChessBase"]
[SourceDate "2022.10.05"]
[SourceVersion "1"]
[SourceVersionDate "2022.10.05"]
[SourceQuality "1"]
[WhiteTeam "Michalovce Zemplin"]
[BlackTeam "Kosice Slavia TU"]
[WhiteTeamCountry "SVK"]
[BlackTeamCountry "SVK"]

1. e4 e5 2. Nf3 d6 3. d4 exd4 4. Nxd4 g6 5. Nc3 Bg7 6. Be3 Nf6 7. Qd2 0-0 8. f3 d5 9. e5 Ne8 10. Bg5 Qd7 11. Bh6 c5 12. Nb3 d4 13. Ne4 b6 14. Bxg7 Kxg7 15. 0-0-0 Bb7 16. Re1 Nc6 17. Bb5 Qe7 18. Bxc6 Bxc6 19. h4 Bxe4 20. Rxe4 h5 21. g4 Rh8 22. Qe1 Nc7 23. Nd2 Qe6 24. Kb1 Nd5 25. gxh5 Rxh5 26. f4 Nb4 27. a3 Qa2+ 28. Kc1 Qa1+ 29. Nb1 Na2+ 30. Kd2 Qxb2 31. Rh3 c4 32. e6 c3+ 33. Kd3 Rd5 34. Rxd4 Qb5+ 35. Ke3 Qc5 36. Kf3 Qxd4 37. h5 Rxh5 38. Rxh5 gxh5 39. Qg1+ 0-1

[Event "SVK-ch Amateurs"]
[Site "Topolcany"]
[Date "2021.08.09"]
[Round "7"]
[White "Meszarosova, Eva"]
[Black "Pejko, Otomar"]
[Result "0-1"]
[WhiteElo "1972"]
[BlackElo "2123"]
[PlyCount "88"]
[EventDate "2021.08.06"]
[EventType "swiss"]
[EventRounds "7"]
[EventCountry "SVK"]
[SourceTitle "EXT 2022"]
[Source "ChessBase"]
[SourceDate "2021.10.06"]
[SourceVersion "1"]
[SourceVersionDate "2021.10.06"]
[SourceQuality "1"]

1. e4 e5 2. Nf3 d6 3. d4 exd4 4. Nxd4 g6 5. Nc3 Bg7 6. Bc4 Nf6 7. f3 0-0 8. Be3 Nc6 9. Qd2 Nxd4 10. Bxd4 Be6 11. Bb3 c5 12. Bxf6 Bxf6 13. a4 c4 14. Ba2 Qa5 15. 0-0 Qb6+ 16. Kh1 Qxb2 17. Nd5 Bxd5 18. Qxd5 Qxc2 19. Bxc4 Bxa1 20. Rxa1 Rac8 21. Bf1 Qb2 22. Rd1 Rc1 23. h3 Rxd1 24. Qxd1 Rc8 25. Qxd6 Qa1 26. Qd3 Qxa4 27. Kh2 Qa5 28. f4 Rc3 29. Qd6 Qc7 30. Qf6 Rc1 31. Be2 Qb6 32. Qe7 Qg1+ 33. Kg3 Qe1+ 34. Kh2 Qg1+ 35. Kg3 Qb6 36. Bf3 Rc2 37. Qe8+ Kg7 38. Qe5+ Qf6 39. Qd5 b6 40. e5 Qe7 41. Qe4 Rc5 42. h4 h5 43. Qd4 Qe6 44. Qd8 a5 0-1

[Event "SVK-ch rapid"]
[Site "Topolcany"]
[Date "2020.07.11"]
[Round "9"]
[White "Pejko, Otomar"]
[Black "Stevik, Patrik1111"]
[Result "1/2-1/2"]
[WhiteElo "2039"]
[BlackElo "1866"]
[PlyCount "87"]
[EventDate "2020.07.11"]
[EventType "swiss (rapid)"]
[EventRounds "9"]
[EventCountry "SVK"]
[SourceTitle "CBM 197 Extra"]
[Source "ChessBase"]
[SourceDate "2020.09.30"]
[SourceVersion "1"]
[SourceVersionDate "2020.09.30"]
[SourceQuality "1"]

1. e4 e5 2. Nf3 c6 3. Nxe5 Nf6 4. Nc3 Qe7 5. d4 d6 6. Nf3 Nxe4 7. Nxe4 d5 8. Ne5 dxe4 9. Bc4 Be6 10. 0-0 Nd7 11. Bxe6 Qxe6 12. Nxd7 Kxd7 13. f3 f5 14. fxe4 fxe4 15. Qe2 Re8 16. c4 Bd6 17. Be3 Kc8 18. d5 cxd5 19. cxd5 Qxd5 20. Bxa7 Bc5+ 21. Bxc5 Qxc5+ 22. Kh1 Kb8 23. Rac1 Qe5 24. b4 Rhf8 25. Qe3 Rxf1+ 26. Rxf1 Qd6 27. a3 Qd3 28. Re1 Qc4 29. Kg1 Rf8 30. Qg3+ Ka8 31. Qxg7 Re8 32. Qg3 e3 33. h3 e2 34. Qf3 Qd4+ 35. Kh2 Qd2 36. Qf2 Re4 37. Qf8+ Ka7 38. Qc5+ Kb8 39. Qf8+ Ka7 40. Qc5+ Ka8 41. Qf8+ Ka7 42. Qc5+ Kb8 43. Qf8+ Ka7 44. Qc5+ 1/2-1/2

[Event "SVK-chT2D 1920"]
[Site "Slovakia"]
[Date "2019.10.26"]
[Round "1.2"]
[White "Pejko, Otomar"]
[Black "Endresz, Pavol"]
[Result "1/2-1/2"]
[WhiteElo "2128"]
[BlackElo "2126"]
[PlyCount "54"]
[EventDate "2019.10.26"]
[EventType "team-tourn"]
[EventRounds "11"]
[EventCountry "SVK"]
[SourceTitle "CBM 193 Extra"]
[Source "ChessBase"]
[SourceDate "2020.01.31"]
[SourceVersion "1"]
[SourceVersionDate "2020.01.31"]
[SourceQuality "1"]
[WhiteTeam "Kosice Slavia UPJS III"]
[BlackTeam "Kezmarok"]
[WhiteTeamCountry "SVK"]
[BlackTeamCountry "SVK"]

1. e4 c5 2. c3 Nf6 3. e5 Nd5 4. d4 cxd4 5. Qxd4 e6 6. Nf3 Nc6 7. Qe4 d6 8. Nbd2 Qc7 9. exd6 Bxd6 10. Nc4 Be7 11. Bd3 b6 12. 0-0 Bb7 13. Ng5 Rd8 14. Qf3 Nf6 15. Qh3 b5 16. Nd2 a6 17. Nde4 Qd7 18. Bc2 Nd5 19. Nxh7 Rg8 20. Nhg5 Nf6 21. Be3 Ne5 22. Rad1 Qc6 23. Rxd8+ Bxd8 24. Bf4 Bc7 25. Rd1 Nd5 26. Bxe5 Bxe5 27. Qh5 g6 1/2-1/2

[Event "SVK-chT2D 1819"]
[Site "Slovakia"]
[Date "2019.02.03"]
[Round "7.2"]
[White "Koval, Jakub"]
[Black "Pejko, Otomar"]
[Result "0-1"]
[WhiteElo "2074"]
[BlackElo "2112"]
[PlyCount "34"]
[EventDate "2018.10.13"]
[EventType "team-tourn"]
[EventRounds "11"]
[EventCountry "SVK"]
[SourceTitle "CBM 189 Extra"]
[Source "ChessBase"]
[SourceDate "2019.06.03"]
[SourceVersion "1"]
[SourceVersionDate "2019.06.03"]
[SourceQuality "1"]
[WhiteTeam "Presov Tatran Dason"]
[BlackTeam "Kosice Slavia UPJS III"]
[WhiteTeamCountry "SVK"]
[BlackTeamCountry "SVK"]

1. d4 d5 2. Nf3 c5 3. e3 Nc6 4. c3 cxd4 5. exd4 Qc7 6. Bd3 Bg4 7. Nbd2 e6 8. Nf1 Bd6 9. Ng3 Nge7 10. h3 Bxf3 11. Qxf3 Ng6 12. Nh5 0-0-0 13. 0-0 Kb8 14. Bb5 Nh4 15. Qg4 Nf5 16. Bf4 g6 17. Bxd6 Nxd6 0-1

[Event "SVK-chT1E 1516"]
[Site "Slovakia"]
[Date "2016.03.19"]
[Round "10.3"]
[White "Pejko, Otomar"]
[Black "Palecek, Peter"]
[Result "1/2-1/2"]
[WhiteElo "2137"]
[BlackElo "2238"]
[PlyCount "109"]
[EventDate "2015.10.24"]
[EventType "team-tourn"]
[EventRounds "11"]
[EventCountry "SVK"]
[SourceTitle "EXT 2017"]
[Source "ChessBase"]
[SourceDate "2016.10.25"]
[SourceVersion "1"]
[SourceVersionDate "2016.10.25"]
[SourceQuality "1"]
[WhiteTeam "Kosice Slavia"]
[BlackTeam "Liptov Chess School II"]
[WhiteTeamCountry "SVK"]
[BlackTeamCountry "SVK"]

1. e4 e5 2. Nf3 Nc6 3. Bb5 a6 4. Ba4 Nf6 5. 0-0 Be7 6. Bxc6 dxc6 7. Nc3 Nd7 8. d4 Bf6 9. dxe5 Nxe5 10. Qxd8+ Kxd8 11. Rd1+ Bd7 12. Bf4 Nxf3+ 13. gxf3 Kc8 14. Rd3 Be6 15. Rad1 b6 16. b3 Kb7 17. Be3 Rad8 18. Ne2 Rxd3 19. Rxd3 Rd8 20. Bd4 Be7 21. Nf4 g6 22. Nxe6 fxe6 23. Kf1 c5 24. Bc3 Rxd3 25. cxd3 Bd6 26. h3 Bf4 27. Ke2 Kc6 28. Kd1 e5 29. Ke2 Kd6 30. Ke1 Kc6 31. Kd1 Kd7 32. Ke1 Ke7 33. Kf1 Kf6 34. Kg2 Kg5 35. Kf1 Kh4 36. Kg2 h6 37. Be1 Kg5 38. Bc3 Kf6 39. Kf1 Ke6 40. Ke2 Kd6 41. Kd1 b5 42. Ke2 b4 43. Bb2 Kc6 44. a4 bxa3 45. Bxa3 Kb5 46. Kd1 Bg5 47. Kc2 Bf6 48. Bb2 g5 49. Ba3 Be7 50. Kc3 c6 51. Kc2 Bd8 52. Bb2 Bc7 53. Kc3 Ba5+ 54. Kc2 Bc7 55. Kc3 1/2-1/2

[Event "SVK-chT1E 1516"]
[Site "Slovakia"]
[Date "2016.01.23"]
[Round "7.3"]
[White "Repkova, Eva"]
[Black "Pejko, Otomar"]
[Result "1-0"]
[WhiteElo "2318"]
[BlackElo "2137"]
[PlyCount "73"]
[EventDate "2015.10.24"]
[EventType "team-tourn"]
[EventRounds "11"]
[EventCountry "SVK"]
[SourceTitle "CBM 170 Extra"]
[Source "ChessBase"]
[SourceDate "2016.02.25"]
[SourceVersion "1"]
[SourceVersionDate "2016.02.25"]
[SourceQuality "1"]
[WhiteTeam "Sabinov"]
[BlackTeam "Kosice Slavia"]
[WhiteTeamCountry "SVK"]
[BlackTeamCountry "SVK"]

1. e4 e5 2. Bc4 Nc6 3. Nf3 Nf6 4. d3 Be7 5. Nbd2 0-0 6. Bb3 d6 7. c3 h6 8. Nf1 d5 9. exd5 Nxd5 10. Ng3 Nf4 11. Bxf4 exf4 12. Ne2 g5 13. h4 g4 14. Nh2 Bxh4 15. Nxf4 Bg5 16. Nh5 Kh8 17. 0-0 f5 18. Re1 Qd6 19. d4 Qg6 20. d5 Qxh5 21. dxc6 Qg6 22. f4 Bh4 23. Qd4+ Qg7 24. Qxg7+ Kxg7 25. g3 Bf6 26. cxb7 Bxb7 27. Bc2 Bc8 28. Nf1 Rb8 29. Rab1 Rb5 30. Ne3 Ra5 31. a4 Bd8 32. Rbd1 Kf6 33. b4 Ra6 34. Rd5 Rd6 35. Re5 Kg7 36. Bxf5 Bxf5 37. Nxf5+ 1-0

[Event "SVK-chT1E 1516"]
[Site "Slovakia"]
[Date "2015.10.25"]
[Round "2.4"]
[White "Koren, Jan"]
[Black "Pejko, Otomar"]
[Result "0-1"]
[WhiteElo "2090"]
[BlackElo "2137"]
[PlyCount "72"]
[EventDate "2015.10.24"]
[EventType "team-tourn"]
[EventRounds "11"]
[EventCountry "SVK"]
[SourceTitle "CBM 169 Extra"]
[Source "ChessBase"]
[SourceDate "2015.12.18"]
[SourceVersion "1"]
[SourceVersionDate "2015.12.18"]
[SourceQuality "1"]
[WhiteTeam "Zilina Mladost II"]
[BlackTeam "Kosice Slavia"]
[WhiteTeamCountry "SVK"]
[BlackTeamCountry "SVK"]

1. e4 e5 2. Nf3 Nc6 3. Bb5 Nge7 4. 0-0 g6 5. c3 Bg7 6. d3 0-0 7. Bg5 h6 8. Bh4 g5 9. Bg3 d6 10. Nbd2 a6 11. Ba4 Be6 12. Bb3 Ng6 13. Ne1 Qd7 14. Nc4 d5 15. Ne3 Nce7 16. Qe2 Rad8 17. Rd1 c6 18. f3 f5 19. exf5 Nxf5 20. Bf2 Nf4 21. Qd2 Ne7 22. Bg3 Neg6 23. Bf2 Kh8 24. N1c2 g4 25. fxg4 Bxg4 26. Nxg4 Qxg4 27. Bg3 Ne2+ 28. Kh1 Nxg3+ 29. hxg3 Qxg3 30. Ne3 Rf4 31. Rxf4 Nxf4 32. Nf5 Qg4 33. Ne3 Qg5 34. Bc2 Rf8 35. Rf1 Qh5+ 36. Kg1 Ne2+ 0-1

[Event "SVK-chT2D 1516"]
[Site "Slovakia"]
[Date "2015.10.17"]
[Round "1.2"]
[White "Pejko, Otomar"]
[Black "Demeter, Peter"]
[Result "1/2-1/2"]
[WhiteElo "2137"]
[BlackElo "2196"]
[PlyCount "45"]
[EventDate "2015.10.17"]
[EventType "team-tourn"]
[EventRounds "11"]
[EventCountry "SVK"]
[SourceTitle "CBM 169 Extra"]
[Source "ChessBase"]
[SourceDate "2015.12.18"]
[SourceVersion "1"]
[SourceVersionDate "2015.12.18"]
[SourceQuality "1"]
[WhiteTeam "Kosice 1 CC"]
[BlackTeam "Presov Tatran"]
[WhiteTeamCountry "SVK"]
[BlackTeamCountry "SVK"]

1. e4 c5 2. c3 d6 3. d4 Nf6 4. Bd3 cxd4 5. cxd4 g6 6. Nc3 Bg7 7. h3 0-0 8. Nf3 Nc6 9. Be3 e5 10. dxe5 dxe5 11. 0-0 Nh5 12. Bc4 Be6 13. Bd5 Nf4 14. Bxf4 exf4 15. Qd2 Qf6 16. Bxe6 fxe6 17. Rfd1 Rad8 18. Qe2 Ne5 19. Rxd8 Rxd8 20. Rd1 Qe7 21. Rxd8+ Qxd8 22. Nxe5 Bxe5 23. Qb5 1/2-1/2

[Event "Kosice Kotan Memorial 7th"]
[Site "Kosice"]
[Date "2015.07.19"]
[Round "2"]
[White "Mazur, Stefan"]
[Black "Pejko, Otomar"]
[Result "1-0"]
[WhiteElo "2370"]
[BlackElo "2125"]
[PlyCount "165"]
[EventDate "2015.07.18"]
[EventType "swiss"]
[EventRounds "9"]
[EventCountry "SVK"]
[SourceTitle "EXT 2016"]
[Source "ChessBase"]
[SourceDate "2015.10.08"]
[SourceVersion "1"]
[SourceVersionDate "2015.10.08"]
[SourceQuality "1"]

1. e4 e5 2. Nf3 Nc6 3. Bb5 a6 4. Ba4 d6 5. 0-0 Bg4 6. h3 h5 7. d3 Qf6 8. Bxc6+ bxc6 9. Re1 Bxf3 10. Qxf3 Qxf3 11. gxf3 Ne7 12. f4 exf4 13. Bxf4 g5 14. Bg3 Bg7 15. Nc3 Kd7 16. e5 Nf5 17. exd6 cxd6 18. Na4 Bd4 19. c3 Ba7 20. d4 Rae8 21. Kf1 Re6 22. Rxe6 Kxe6 23. Ke2 g4 24. hxg4 Nxg3+ 25. fxg3 hxg4 26. Re1 Rh2+ 27. Kd3+ Kd7 28. Ke3 f5 29. Kf4 Rf2+ 30. Kg5 Rf3 31. Rh1 Kc7 32. Rh7+ Kb8 33. Rf7 Rxg3 34. Rxf5 Rg1 35. Kh4 g3 36. Kh3 g2 37. Ra5 Kb7 38. Kh2 Rb1 39. Kxg2 d5 40. Kf3 Bb6 41. Nxb6 Kxb6 42. b4 Rc1 43. Ra3 Re1 44. Kf2 Re4 45. Ra5 Kb7 46. a4 Rh4 47. Rc5 Rh2+ 48. Ke3 Rh3+ 49. Kd2 Rh2+ 50. Kd3 Rb2 51. Ke3 Rc2 52. b5 axb5 53. axb5 cxb5 54. Kd3 Rb2 55. Rxd5 Kc6 56. Rh5 Kd6 57. Rh6+ Kc7 58. Re6 Rb1 59. Kc2 Rh1 60. Rg6 Rf1 61. Rg2 Kc6 62. Rg6+ Kc7 63. d5 Rf3 64. Rc6+ Kb7 65. Kb3 Rd3 66. Rc5 Ka6 67. Kb4 Rd1 68. Rc6+ Kb7 69. Kc5 Rd3 70. Kd6 Rd1 71. Rc5 Kb6 72. c4 bxc4 73. Rxc4 Kb7 74. Ke6 Rh1 75. Rf4 Re1+ 76. Kd7 Kb6 77. d6 Rd1 78. Rf2 Kc5 79. Rc2+ Kb6 80. Rb2+ Kc5 81. Rc2+ Kb6 82. Rb2+ Kc5 83. Kc7 1-0

[Event "SVK-chT1E 1415"]
[Site "Slovakia"]
[Date "2015.03.14"]
[Round "10.3"]
[White "Kalata, Peter"]
[Black "Pejko, Otomar"]
[Result "0-1"]
[WhiteElo "2206"]
[BlackElo "2096"]
[PlyCount "50"]
[EventDate "2014.10.18"]
[EventType "team-tourn"]
[EventRounds "11"]
[EventCountry "SVK"]
[SourceTitle "EXT 2016"]
[Source "ChessBase"]
[SourceDate "2015.10.08"]
[SourceVersion "1"]
[SourceVersionDate "2015.10.08"]
[SourceQuality "1"]
[WhiteTeam "Bardejov"]
[BlackTeam "Kosice Slavia"]
[WhiteTeamCountry "SVK"]
[BlackTeamCountry "SVK"]

1. e4 e5 2. Nf3 d6 3. d4 exd4 4. Nxd4 g6 5. Be3 Bg7 6. Nc3 Nf6 7. Be2 0-0 8. h4 Re8 9. h5 Nxe4 10. hxg6 hxg6 11. Nxe4 Rxe4 12. Qd3 Rh4 13. 0-0-0 Nc6 14. Nxc6 bxc6 15. g3 Bf5 16. Qd2 Ra4 17. a3 Rb8 18. c3 Rxa3 19. Bd3 Bxc3 20. Qxc3 Rxc3+ 21. bxc3 Bxd3 22. Rxd3 c5 23. Rd5 Qe8 24. Rh4 Qb5 25. Kd2 Qf1 0-1

[Event "SVK-chT1E 1415"]
[Site "Slovakia"]
[Date "2015.01.10"]
[Round "5.2"]
[White "Ligart, Tamas"]
[Black "Pejko, Otomar"]
[Result "1-0"]
[WhiteElo "2211"]
[BlackElo "2096"]
[PlyCount "103"]
[EventDate "2014.10.18"]
[EventType "team-tourn"]
[EventRounds "11"]
[EventCountry "SVK"]
[SourceTitle "EXT 2016"]
[Source "ChessBase"]
[SourceDate "2015.10.08"]
[SourceVersion "1"]
[SourceVersionDate "2015.10.08"]
[SourceQuality "1"]
[WhiteTeam "Jelsava"]
[BlackTeam "Kosice Slavia"]
[WhiteTeamCountry "SVK"]
[BlackTeamCountry "SVK"]

1. e4 e5 2. Nf3 d6 3. d4 exd4 4. Qxd4 a6 5. Bf4 Nc6 6. Qd2 Nf6 7. Nc3 Be7 8. h3 0-0 9. g4 b5 10. g5 Nd7 11. 0-0-0 Nde5 12. Be2 Nxf3 13. Bxf3 Ne5 14. Be2 Be6 15. h4 c6 16. Be3 Bc4 17. f4 Bxe2 18. Qxe2 Nc4 19. Nb1 Qc7 20. f5 f6 21. Rhg1 Rae8 22. Bf4 Qa5 23. a3 d5 24. Qh5 Bd6 25. Bxd6 Nxd6 26. exd5 c5 27. gxf6 Rxf6 28. Qg5 Rf7 29. Rdf1 Re5 30. Qg3 Rexf5 31. Rxf5 Nxf5 32. Qb8+ Rf8 33. Qe5 Qd8 34. Qe6+ Kh8 35. Qxa6 Qxd5 36. Qxb5 Nd4 37. Rf1 Rd8 38. Qd3 c4 39. Qd1 Qe4 40. Nd2 Qxh4 41. Kb1 h6 42. Rh1 Qf6 43. Nxc4 Qe6 44. Qd3 Nc6 45. Qc3 Rd4 46. b3 Qf6 47. Kb2 Qf4 48. a4 Ne7 49. Re1 Nd5 50. Re8+ Kh7 51. Qe1 Nb4 52. Qxb4 1-0

[Event "SVK-chT2D 14/15"]
[Site "Slovakia"]
[Date "2014.12.06"]
[Round "5.1"]
[White "Pejko, Otomar"]
[Black "Milder, Ladislav"]
[Result "1/2-1/2"]
[WhiteElo "2096"]
[BlackElo "2032"]
[PlyCount "34"]
[EventDate "2014.10.11"]
[EventType "team-tourn"]
[EventRounds "11"]
[EventCountry "SVK"]
[SourceTitle "EXT 2019"]
[Source "ChessBase"]
[SourceDate "2018.10.10"]
[SourceVersion "1"]
[SourceVersionDate "2018.10.10"]
[SourceQuality "1"]
[WhiteTeam "Kosice Slavia TU IV"]
[BlackTeam "Kosice Slavia UPJS III"]
[WhiteTeamCountry "SVK"]
[BlackTeamCountry "SVK"]

1. Nf3 Nf6 2. c4 g6 3. g3 Bg7 4. Bg2 0-0 5. 0-0 d5 6. Qc2 Nc6 7. d3 Bg4 8. Nbd2 Qd7 9. Re1 Rad8 10. a3 Rfe8 11. Rb1 dxc4 12. Qxc4 h6 13. b4 Be6 14. Qc2 Nd5 15. Bb2 f6 16. Nb3 Qd6 17. Nc5 Bc8 1/2-1/2

[Event "Kosice Kotan Memorial 6th"]
[Site "Kosice"]
[Date "2014.07.20"]
[Round "3"]
[White "Mazur, Stefan"]
[Black "Pejko, Otomar"]
[Result "1-0"]
[WhiteElo "2424"]
[BlackElo "2106"]
[PlyCount "87"]
[EventDate "2014.07.19"]
[EventType "swiss"]
[EventRounds "9"]
[EventCountry "SVK"]
[SourceTitle "CBM 161 Extra"]
[Source "ChessBase"]
[SourceDate "2014.08.29"]
[SourceVersion "1"]
[SourceVersionDate "2014.08.29"]
[SourceQuality "1"]

1. e4 e5 2. Nf3 d6 3. Bc4 Bg4 4. h3 Be6 5. Bxe6 fxe6 6. d4 exd4 7. Nxd4 e5 8. Ne6 Qe7 9. Ng5 Nf6 10. Nc3 c6 11. Be3 Na6 12. Qe2 Nc7 13. 0-0-0 Ne6 14. Qc4 Nxg5 15. Bxg5 Qf7 16. Qb4 b5 17. Bxf6 a5 18. Qb3 Qxb3 19. cxb3 gxf6 20. Rd3 h5 21. h4 Rg8 22. g3 Ra7 23. Rf3 Rg6 24. Kb1 Rf7 25. Rf5 Rh7 26. a4 b4 27. Ne2 Be7 28. f4 Rg4 29. Kc2 Kd7 30. Kd3 Bd8 31. Rf1 Ke6 32. Rc1 Kd7 33. Rf1 Ke6 34. fxe5 dxe5 35. Ke3 Rh6 36. Rc1 Bb6+ 37. Kf3 Kd6 38. Rxh5 Rxh5 39. Kxg4 Rh7 40. Kf5 Bd8 41. Kg6 Rh8 42. Kg7 Rh5 43. Rh1 f5 44. Kg6 1-0